[Event "SS Manhem Chess Week-IM 2018"]
[Site "Gothenburg"]
[Date "2018.08.12"]
[Round "2"]
[White "Mikalsen, Erlend"]
[Black "Kucuksari, Kaan"]
[Result "1-0"]
[WhiteElo "2289"]
[BlackElo "2329"]
[Annotator "TA"]
[PlyCount "95"]
[EventDate "2018.08.11"]
[EventCountry "SWE"]
[SourceTitle "playchess.com"]
[Source "ChessBase"]
[SourceQuality "1"]

{[%evp 26,95,0,0,0,0,0,11,37,37,30,32,44,18,25,0,52,63,90,95,121,120,258,174,231,218,237,237,250,31,31,8,270,237,254,251,272,222,291,263,287,252,250,256,243,202,251,251,456,402,380,-125,-124,-639,52,60,604,586,5119,6057,4822,4818,29979,29979,29978,29979,29991,29992,29993,29994,29994,29992]} 1. e4 c5 2. Nf3 e6 3. d4 cxd4 4. Nxd4 a6 5. Nc3 Qc7 6. Be2 b5 7. O-O Bb7 8. Re1 Nc6 9. Nxc6 dxc6 10. e5 Rd8 11. Bd3 {B43: Sicilian: Kan Variation: 5 Nc3} c5 (11... Ne7 12. a4 b4 13. Ne4 Qxe5 14. Bg5 Qc7 15. Qe2 a5 16. Bc4 Rd5 17. Bxd5 cxd5 18. Ng3 Ng6 {1-0 (41) Areshchenko,A (2672)-Hracek,Z (2624) Rogaska Slatina 2011}) 12. Qh5 g6 13. Qh3 Bg7 14. Bg5 {LiveBook: 10 Games} Rd7 15. Be4 {Hoping for Bxb7.} h6 16. Bf4 Ne7 $146 ({Predecessor:} 16... b4 17. Bxb7 bxc3 18. Bxa6 Qa5 {½-½ (47) Iaselli,M (2265)-Cumming,D (2291) ICCF email 2014}) 17. Bxb7 Qxb7 18. Ne4 Qc6 19. Nd6+ Kf8 20. c4 b4 (20... Kg8 $11) 21. Qe3 $36 {[%mdl 2048] White has the initiative.} g5 22. Bg3 Ng6 23. a3 h5 (23... Kg8 $16) 24. h3 (24. Qxg5 h4 $11) 24... h4 (24... Bh6 $142 25. axb4 cxb4) 25. Bh2 $18 g4 26. hxg4 h3 {[%csl Gh3][%cal Rc6g2]} 27. Qf3 $2 (27. gxh3 $18 {Strongly threatening axb4.} Rxd6 28. exd6) 27... Qxf3 $14 28. gxf3 b3 $2 {[%mdl 8192]} (28... bxa3 $1 $11 {and Black stays safe.} 29. Rxa3 Nxe5) 29. Rad1 Ke7 30. f4 a5 31. Ne4 Rxd1 32. Rxd1 Nh4 33. Rd3 (33. Nxc5 $6 Rc8 $18) 33... Rd8 34. Nd6 (34. Nxc5 $6 Rxd3 35. Nxd3 Kd7 $16) 34... a4 35. Rxh3 Rxd6 36. exd6+ Ke8 $2 (36... Kxd6 {was necessary.} 37. f5+ (37. Rxh4 Bxb2 38. f5+ Ke7 $16) 37... Ke7) 37. Rxh4 $18 {Threatens to win with f5.} Bxb2 {[%mdl 4096] Endgame} 38. Rh3 $2 (38. Kg2 $1 $18) 38... Bxa3 $17 {...b2 is the strong threat.} 39. Rd3 $2 {[%mdl 8192] [#]} (39. Kg2 $17 b2 40. Rxa3) 39... Kd7 $2 (39... Bb2 $1 $19 {aiming for ...Bd4.} 40. f5 (40. d7+ Kd8 $15) 40... Bd4) 40. f5 $1 $14 {[%cal Rf5e6]} b2 $2 {[%mdl 8192]} (40... exf5 $14 41. Be5 (41. gxf5 Bc1 $11) 41... Bc1) 41. fxe6+ fxe6 42. Rd1 Bb4 {[#]} 43. Be5 $1 a3 44. g5 {White mates.} Bd2 45. g6 Bf4 46. g7 Bxe5 47. g8=Q Bd4 48. Qb8 {Precision: White = 63%, Black = 25%.} 1-0

[Event "SS Manhem Chess Week-IM 2018"]
[Site "Gothenburg"]
[Date "2018.08.12"]
[Round "2"]
[White "Storme, Isak"]
[Black "Rydstrom, Tom"]
[Result "1/2-1/2"]
[WhiteElo "2279"]
[BlackElo "2316"]
[Annotator "TA"]
[PlyCount "59"]
[EventDate "2018.08.11"]
[EventCountry "SWE"]
[SourceTitle "playchess.com"]
[Source "ChessBase"]
[SourceQuality "1"]

{[%evp 14,59,45,60,60,79,68,24,17,-6,-9,-9,-9,-9,-10,-8,-6,-17,-14,-57,0,0,0,0,0,0,13,13,13,13,13,10,21,14,27,10,5,0,0,0,0,0,0,0,0,-8,-8,-8]} 1. e4 e5 2. Nf3 Nc6 3. Bb5 a6 4. Ba4 Nf6 5. O-O Bc5 6. c3 b5 7. Bc2 d5 {C78: Ruy Lopez: Archangelsk and Möller Defences} 8. a4 {LiveBook: 17 Games} Rb8 (8... dxe4 9. axb5 exf3 10. Qxf3 e4 11. Bxe4 Ne5 12. Qe2 O-O 13. d4 Bg4 14. Qc2 Nxe4 15. Qxe4 {½-½ (51) Pichot,A (2552)-Yu,Y (2760) chess.com INT 2018}) 9. axb5 axb5 {White is better.} 10. exd5 Qxd5 11. Bb3 Qd6 {[#]} 12. d4 $1 {[%mdl 512]} exd4 {Threatening ...0-0.} 13. Re1+ Be6 14. Bxe6 fxe6 15. Ra6 {Ng5 is the strong threat.} O-O 16. Qb3 $146 ({Predecessor:} 16. cxd4) 16... Rbe8 (16... Nd5 $15 17. Nbd2 Qd7) 17. Qxb5 $11 Bb6 $1 18. cxd4 Ng4 19. Qh5 Nxf2 {[#] Strongly threatening ...Nd3.} 20. Rxb6 cxb6 21. Kxf2 Qxd4+ 22. Be3 Qxb2+ 23. Nbd2 Qc2 24. Kg1 Qf5 $132 {[%mdl 2048] The position is equal. Black is not keeping still} 25. Qxf5 exf5 26. Bxb6 Rxe1+ 27. Nxe1 Rb8 28. Nc4 Ne5 29. Nxe5 {Threatens to win with Be3.} Rxb6 30. N1d3 {Precision: White = 72%, Black = 81%.} 1/2-1/2

[Event "SS Manhem Chess Week-IM 2018"]
[Site "Gothenburg"]
[Date "2018.08.12"]
[Round "3"]
[White "Kucuksari, Kaan"]
[Black "Nedilko, Vasily"]
[Result "1-0"]
[WhiteElo "2329"]
[BlackElo "2369"]
[Annotator "TA"]
[PlyCount "33"]
[EventDate "2018.08.11"]
[EventCountry "SWE"]
[SourceTitle "playchess.com"]
[Source "ChessBase"]
[SourceQuality "1"]

{[%evp 14,33,16,10,32,11,27,34,58,36,48,60,264,264,500,468,525,525,528,514,481,476]} 1. d4 Nf6 2. Nf3 g6 3. c4 Bg7 4. g3 c5 5. d5 b5 6. cxb5 Qa5+ {E60: Königsindisch (ohne Sc3)} 7. Nc3 Ne4 8. Bd2 {LiveBook: 5 Partien} Nxc3 {Die Stellung ist ausgeglichen.} (8... Nxd2 9. Qxd2 d6 10. e3 O-O 11. a4 a6 12. Ra3 Qb4 13. Be2 Bh3 14. Ng5 {0-1 (61) Karpov,A (2628)-Fressinet,L (2702) Cap d'Agde 2015 CBM 169 Extra [Schulz,André]}) 9. Qc1 $146 {[%cal Rd2c3]} ({Vorgänger:} 9. bxc3 Bxc3 10. Qb3 Bxd2+ 11. Nxd2 d6 12. e4 Nd7 13. Be2 Nb6 14. Qb2 {0-1 (40) Johannessen,L (2514)-Lagno,K (2522) Oslo 2010}) 9... Qxb5 10. Bxc3 O-O 11. h4 {[%cal Bh2h4,Bh4h5][%mdl 32]} Bxc3+ 12. bxc3 Qc4 $2 {[#]} (12... d6 $14) 13. h5 $1 $18 d6 $2 (13... Qa6 14. Qe3 Qf6) 14. Rh4 {Weiß steht klar auf Gewinn.} Qxd5 15. Qh6 {jetzt hxg6 und aus.} Qf5 16. Ng5 {[%csl Gg5][%cal Rh6h7]} gxh5 17. Bg2 1-0

[Event "SS Manhem Chess Week-IM 2018"]
[Site "Gothenburg"]
[Date "2018.08.12"]
[Round "3"]
[White "Hobber, Anders"]
[Black "Vypkhaniuk, Ihor"]
[Result "1/2-1/2"]
[WhiteElo "2314"]
[BlackElo "2357"]
[Annotator "TA"]
[PlyCount "43"]
[EventDate "2018.08.11"]
[EventCountry "SWE"]
[SourceTitle "playchess.com"]
[Source "ChessBase"]
[SourceQuality "1"]

{[%evp 12,43,37,51,50,5,19,12,25,25,22,21,13,16,19,16,14,0,4,12,25,9,51,42,44,56,56,51,46,41,40,37,54,39]} 1. d4 Nf6 2. Bf4 g6 3. Nc3 d6 4. e4 c6 5. Nf3 Bg7 6. Qd2 Bg4 {B08: Pirc-Ufimzew-Verteidigung} (6... O-O 7. h3 Qa5 8. e5 dxe5 9. dxe5 Nd5 10. Nxd5 Qxd2+ 11. Bxd2 cxd5 12. O-O-O Nc6 13. Bc3 e6 14. h4 h6 {0-1 (79) Vachier Lagrave,M (2779)-Carlsen,M (2842) Biel 2018}) 7. Be2 {LiveBook: 4 Partien} Nbd7 8. O-O O-O {Die Stellung ist ausgeglichen.} 9. Rad1 Qa5 $146 ({Vorgänger:} 9... Bxf3 10. Bxf3 e5 11. Be3 Re8 12. Rfe1 Qc7 13. d5 c5 14. Nb5 Qb6 15. Na3 a6 {1-0 (52) Meier,G (2632)-Efimenko,Z (2648) Dubai 2014}) 10. h3 Bxf3 $1 11. Bxf3 e5 12. Be3 exd4 13. Bxd4 Rfe8 14. Rfe1 Rad8 15. a3 Qc7 16. Be3 Nb6 17. b3 $36 {[%mdl 2048] Weiß steht etwas besser. Weiss hat Druck.} Nfd7 18. Bg5 Bf6 19. Bxf6 Nxf6 20. g3 Qe7 21. Bg2 Qe5 22. Re3 {Precision: Weiß = 63%, Schwarz = 68%.} 1/2-1/2

[Event "SS Manhem Chess Week-IM 2018"]
[Site "Gothenburg"]
[Date "2018.08.12"]
[Round "3"]
[White "Pantzar, Milton"]
[Black "Ernst, Thomas"]
[Result "1/2-1/2"]
[WhiteElo "2306"]
[BlackElo "2346"]
[Annotator "TA"]
[PlyCount "130"]
[EventDate "2018.08.11"]
[EventCountry "SWE"]
[SourceTitle "playchess.com"]
[Source "ChessBase"]
[SourceQuality "1"]

{[%evp 24,130,64,31,123,100,156,223,239,232,225,233,580,564,604,237,226,231,238,230,224,205,215,210,235,227,237,235,233,215,240,239,225,215,225,187,183,162,175,175,162,162,181,131,192,108,142,147,129,127,143,119,115,125,135,74,74,0,126,138,141,101,143,135,139,101,103,108,232,232,231,231,226,224,224,161,224,211,219,194,202,197,200,137,187,170,197,0,120,5,253,247,235,0,0,0,0,0,0,0,0,0,0,0,0,0,0,0,0]} 1. d4 Nf6 2. c4 g6 3. f3 d5 4. cxd5 Nxd5 5. e4 Nb6 6. Nc3 Bg7 7. Be3 O-O 8. Qd2 e5 9. d5 c6 {D70: Grünfeld: Unusual White 3rd moves (met by ...d5)} 10. h4 (10. Rd1 cxd5 11. exd5 N8d7 12. Nh3 e4 13. fxe4 Ne5 14. Nf2 f5 15. Bc5 Rf7 16. Be2 f4 17. Bf3 {½-½ (25) Aronian,L (2805)-Vachier Lagrave,M (2789) London 2017}) 10... h5 11. g4 cxd5 12. exd5 hxg4 13. h5 {LiveBook: 5 Games} gxf3 (13... Na6 $14) 14. hxg6 $1 $16 (14. Nxf3 gxh5 15. Ng5 N8d7 $11) 14... f2+ $146 (14... fxg6 $142 15. Qh2 e4) ({Predecessor:} 14... fxg6 15. Qh2 {1-0 (37) Shimanov,A (2594)-Mosadeghpour,M (2371) Dubai 2015}) 15. Qxf2 {And now Qh2 would win.} fxg6 16. Qh2 {Threatens to win with Qh7+.} Rxf1+ 17. Kxf1 Nxd5 $2 (17... N8d7 {is a better chance.} 18. Qh7+ Kf7) 18. Qh7+ $18 (18. Nxd5 Qxd5 19. Qh7+ Kf8 $18) 18... Kf8 19. Qh8+ $2 (19. Bh6 Bxh6 20. Qxh6+ Kf7 21. Qh7+ Ke6 22. Rd1 Qf8+ 23. Ke1) 19... Bxh8 20. Rxh8+ Kf7 21. Rxd8 Nxe3+ 22. Kf2 Nc6 23. Rxc8 $1 Rxc8 24. Kxe3 Nd4 {Strongly threatening ...Nc2+.} 25. Rf1+ Ke6 26. Nf3 Nxf3 27. Rxf3 {[%mdl 4096] Endgame KRN-KR} (27. Kxf3 $6 Rf8+ 28. Ke2 Rh8) 27... Rc4 28. Rf2 Rh4 29. Rf8 Rh2 30. Ne2 Rh3+ 31. Kd2 Rh7 32. Rf2 Rh4 33. Ng3 Rf4 (33... Ra4 $16) 34. Rg2 (34. Ke3 $18) 34... Rg4 35. Ke3 a5 36. Rg1 g5 37. Kf3 Rf4+ 38. Ke2 Rg4 39. Kf2 ({Better is} 39. Ke3) 39... Rf4+ $16 40. Ke3 (40. Kg2 $142) 40... Rg4 41. Ne2 Rb4 42. Rb1 $1 Rh4 43. Kf3 b5 44. Rg1 Rb4 {[#]} 45. Rg2 $1 a4 (45... g4+ $16 {was worth a try.} 46. Kg3 (46. Rxg4 Rxb2 47. Rg2 Kd6 $14) 46... Rc4) 46. Nc3 $18 (46. Rxg5 Rxb2 47. Rg6+ Kf7 $11) 46... g4+ 47. Ke3 ({Weaker is} 47. Rxg4 Rxb2 48. Rg6+ Kf5 $11) 47... Kd6 48. Ne4+ Ke6 49. Rf2 ({Not} 49. Rxg4 Rxb2 50. Rg6+ Ke7 $14) 49... Kd5 (49... Rc4 {keeps fighting.} 50. Nc3 a3) 50. Rd2+ Ke6 51. Rg2 Kf5 52. Rf2+ Ke6 53. Rh2 Kd5 54. Nc3+ Ke6 55. Ne4 $2 (55. Rf2 $18) 55... Kf5 (55... Kd5 $1 $11 {keeps the balance.} 56. Nc3+ Kd6) 56. Rh5+ (56. Nd6+ $16 Ke6 57. Rd2) 56... Ke6 $2 {[#]} (56... Kg6 $11 {and Black stays safe.} 57. Rh2 (57. Rxe5 Rxb2 58. Rg5+ Kh6 $11) 57... Kf5 58. Rf2+ Kg6) 57. Nc5+ $1 Kd5 58. Rxe5+ $2 (58. Nd3 $18 Re4+ 59. Kd2) 58... Kd6 $1 $11 {The position is equal.} 59. Nd3 Rxb2 $1 60. Rg5 Rxa2 61. Rxg4 Rh2 62. Kd4 Rh6 63. Kc3 Rh3 64. Kd4 Rh6 65. Kc3 Rh3 {Precision: White = 63%, Black = 57%.} 1/2-1/2

[Event "SS Manhem Chess Week-IM 2018"]
[Site "Gothenburg"]
[Date "2018.08.13"]
[Round "4"]
[White "Nedilko, Vasily"]
[Black "Rydstrom, Tom"]
[Result "1/2-1/2"]
[WhiteElo "2369"]
[BlackElo "2316"]
[Annotator "TA"]
[PlyCount "146"]
[EventDate "2018.08.11"]
[EventCountry "SWE"]
[SourceTitle "playchess.com"]
[Source "ChessBase"]
[SourceQuality "1"]

{[%evp 12,146,60,33,104,106,112,98,115,112,120,116,119,120,130,115,135,109,121,91,116,111,113,108,113,105,118,16,18,24,20,1,86,47,64,55,59,42,55,40,66,47,117,94,78,79,91,50,52,44,53,41,43,-24,27,12,41,-21,-27,-41,-14,-97,0,0,0,0,7,0,0,0,0,0,0,0,0,0,47,47,115,115,115,112,112,99,91,97,123,123,139,139,135,41,41,41,41,0,26,41,33,35,35,0,0,0,0,-3,-3,-3,-3,-3,-3,-3,-3,-3,-3,-3,-3,-3,0,-3,0,-10,0,-10,0,-36,0,-50,-50,-51,-51,-51,0,-51,0,-65,0]} 1. d4 g6 2. c4 Bg7 3. Nc3 d6 4. Nf3 Bg4 5. g3 Bxf3 6. exf3 c6 7. d5 {LiveBook: 15 Games. A41: 1 d4 d6: Tartakower System and Modern Defence} c5 $146 (7... Bxc3+ $14 8. bxc3 Nd7) ({Predecessor:} 7... Nf6 8. Bg2 cxd5 9. cxd5 O-O 10. O-O Nbd7 11. Be3 Nb6 12. Qb3 Nfd7 13. Ne4 Rc8 14. Rac1 Rxc1 15. Rxc1 {½-½ (60) Shimanov,A (2550)-Nepomniachtchi,I (2729) Olginka 2011}) 8. Bh3 Nd7 9. O-O {White is better.} Ngf6 10. Re1 O-O 11. f4 a6 12. a4 b6 13. f5 Ra7 14. fxg6 hxg6 15. Bf4 Rb7 16. Qe2 Re8 17. Rad1 Nf8 18. Qd2 N6d7 19. Ne4 (19. b3 $16) 19... b5 $1 $11 20. cxb5 axb5 21. a5 {[%cal Ba4a5,Ba5a6][%mdl 32]} b4 (21... Ra7 $11 {keeps the balance.}) 22. Qe2 {And now Nxd6! would win.} Nf6 {With the idea ...Nxe4.} 23. a6 $36 {[%mdl 2048] White is pushing.} Ra7 {Black wants to play ...Nxe4.} 24. Nxf6+ Bxf6 25. Bf1 Qb6 26. h4 Rc7 (26... Rea8 $14) 27. Be3 Ra8 28. Ra1 Qb8 29. Rec1 Qc8 30. Ra5 Qf5 31. b3 Rca7 32. g4 (32. Qc2 $14) 32... Qc8 ({Better is} 32... Qxd5 33. Bg2 Qxb3) 33. g5 Bg7 34. h5 (34. Kg2 $14) 34... Qf5 35. h6 Bc3 36. Qc4 (36. f4 $11) 36... Nd7 ({Black should play} 36... Bd4 $1 $17 {[%cal Rd4e3] Threatens to win with ...Bxe3.} 37. Bxd4 cxd4) 37. Qf4 $1 {[%cal Rf4f5]} Qxf4 38. Bxf4 f6 39. gxf6 Nxf6 40. Bc4 Kh7 41. Kg2 Rf8 42. Be3 Ng4 43. Rh1 Nxe3+ 44. fxe3 Bd2 ({Black should try} 44... Rf5 $1 $14) 45. Rh3 $1 $16 Rf5 46. Ra2 Bc3 47. Rf2 Rg5+ 48. Kf1 Bf6 {[#]} 49. Rg2 $1 Re5 50. Rhg3 g5 {[#]} 51. Rf3 (51. Rh3 $1 $16) 51... Kxh6 $14 52. Rh2+ Kg7 53. Rfh3 Re4 {Hoping for ...Rxc4!} 54. Bd3 Rh4 55. Rxh4 gxh4 {[%mdl 4096] Endgame KRB-KRB} 56. Rg2+ Kf8 57. Rf2 Ke8 58. Kg2 Kd8 59. Kh3 Kc7 60. Rg2 Ra8 61. Bc4 Kb6 62. Rg6 Rh8 63. Rg4 Ka7 64. Rg6 Kb6 65. Rg4 Ra8 66. Rg6 Rh8 67. Rg4 Ka7 68. Rg6 Kb6 69. Rg4 Rf8 70. Rg6 Ka7 71. Rg4 Kb6 72. Rg6 $1 Rh8 73. Rg4 $1 Ka7 {Precision: White = 62%, Black = 42%.} (73... Rd8 $15) 1/2-1/2

[Event "SS Manhem Chess Week-IM 2018"]
[Site "Gothenburg"]
[Date "2018.08.13"]
[Round "4"]
[White "Vypkhaniuk, Ihor"]
[Black "Ernst, Thomas"]
[Result "1/2-1/2"]
[WhiteElo "2357"]
[BlackElo "2346"]
[Annotator "TA"]
[PlyCount "115"]
[EventDate "2018.08.11"]
[EventCountry "SWE"]
[SourceTitle "playchess.com"]
[Source "ChessBase"]
[SourceQuality "1"]

{[%evp 13,115,-10,-16,-64,-62,-64,-53,-62,-57,-60,-56,-71,-45,-45,-49,-50,-43,-47,-50,-54,-38,-55,-43,-63,-29,-20,0,0,0,0,0,2,7,0,0,0,5,0,0,0,0,0,0,0,0,0,0,0,0,0,0,0,0,0,0,0,0,0,0,0,0,0,0,0,0,0,0,0,0,0,0,0,0,0,0,0,0,0,0,0,0,0,0,0,0,0,0,0,0,0,0,0,0,0,0,0,0,0,0,0,0,0,0,0]} 1. c4 c5 2. g3 g6 3. Bg2 Bg7 4. Nc3 Nc6 5. Nf3 e6 6. d3 {A37: Symmetrical English vs ...g6: 4 Bg2 Bg7 5 Nf3} (6. d4 cxd4 7. Nb5 d5 8. cxd5 Qa5+ 9. Nd2 exd5 10. Nd6+ Kf8 11. Nxc8 Rxc8 12. O-O Nge7 13. Nf3 h6 14. h4 Bf6 15. Bd2 Qb6 16. b4 Kg7 17. Rb1 {½-½ (40) Grischuk,A (2766)-So,W (2778) Paris 2018}) 6... d5 7. Bg5 Nge7 {LiveBook: 10 Games} 8. Qc1 d4 9. Nb5 O-O 10. O-O $146 ({Predecessor:} 10. Bh6 e5 11. h4 Bxh6 12. Qxh6 f6 13. Na3 Nb4 {0-1 (51) Nguyen,P (2273)-Swicarz,M (2268) Wroclaw 2015}) 10... e5 11. Bh6 Bxh6 12. Qxh6 {[#] Threatening mate with Ng5.} Nf5 (12... f6 {looks sharper.} 13. Na3 Be6 14. Nc2 a6 15. Qc1 b5) 13. Qd2 a6 14. Na3 $1 Nd6 15. Ng5 Bf5 16. Nc2 a5 17. Bxc6 bxc6 18. e4 dxe3 19. Qxe3 f6 {The position is equal.} 20. Ne4 Bxe4 21. dxe4 Qb6 22. b3 a4 23. Rad1 axb3 24. axb3 Rad8 25. Rd3 Nb7 26. Rfd1 Rxd3 27. Rxd3 Rd8 28. Kg2 Rxd3 29. Qxd3 {Strongly threatening Qd7.} Qd8 30. Qxd8+ Nxd8 $11 {[%mdl 4096] Endgame KN-KN} 31. b4 cxb4 32. Nxb4 Kf7 33. f4 Ke6 34. c5 exf4 35. gxf4 g5 36. Kf3 gxf4 37. Kxf4 Nb7 38. Nxc6 {[#] Threatens to win with Nd4+.} Nxc5 39. Nd4+ Kf7 40. Kf5 Nb7 41. Nb5 Kg7 42. h3 {[%cal Bh2h3,Bh3h4,Bh4h5][%mdl 32]} Kf7 43. h4 Kg7 44. h5 Kh6 45. Kxf6 Nc5 46. e5 Nd7+ 47. Kf5 {White wants to mate with e6.} Nxe5 48. Kxe5 Kxh5 {KN-KP} 49. Kf5 Kh4 50. Kf4 Kh5 51. Kf5 Kh4 52. Kf4 Kh5 53. Nd6 Kg6 54. Ne4 h5 55. Kg3 h4+ 56. Kh3 Kf5 57. Ng3+ hxg3 58. Kxg3 {Precision: White = 76%, Black = 90%.} 1/2-1/2

[Event "SS Manhem Chess Week-IM 2018"]
[Site "Gothenburg"]
[Date "2018.08.13"]
[Round "4"]
[White "Hobber, Anders"]
[Black "Kucuksari, Kaan"]
[Result "1/2-1/2"]
[WhiteElo "2314"]
[BlackElo "2329"]
[Annotator "TA"]
[PlyCount "114"]
[EventDate "2018.08.11"]
[EventCountry "SWE"]
[SourceTitle "playchess.com"]
[Source "ChessBase"]
[SourceQuality "1"]

{[%evp 14,114,29,25,22,30,31,31,31,30,62,70,80,75,85,81,89,57,137,102,97,67,97,9,59,45,63,71,83,93,102,56,237,90,75,0,0,0,6,0,0,-11,0,0,0,0,0,0,0,0,0,-1,0,0,0,0,0,-33,0,-33,-33,-56,0,0,0,-6,0,0,0,0,0,0,0,-2,-2,-2,-2,0,0,0,0,0,0,0,0,0,0,0,0,0,0,0,0,0,0,0,0,0,0,5,5,5,6]} 1. d4 Nf6 2. Nf3 e6 3. Bf4 d5 4. e3 c5 5. Nbd2 Nc6 6. c3 Bd6 7. Bg3 b6 {D02: Damenbauernspiele} (7... O-O 8. Bb5 Be7 9. Bd3 b6 10. O-O Bb7 11. h3 Bd6 12. Bh4 Be7 13. Qb1 h6 14. a3 Nh5 15. Bxe7 Qxe7 {½-½ (64) Carlsen,M (2837)-Wang,H (2709) Riadh 2017}) 8. Bb5 {LiveBook: 3 Partien} Qc7 $1 9. Bxd6 Qxd6 {Weiß hat minimalen Vorteil.} 10. Ne5 Bd7 $1 11. f4 cxd4 $146 ({Vorgänger:} 11... O-O 12. Bd3 Rac8 13. O-O Ne8 14. Rf3 f5 15. Qe2 {1-0 (27) Menna Barreto,F (2247)-Gueler,S (2189) Caleta 2016}) 12. exd4 Ne7 13. Bd3 g6 14. O-O Nh5 15. Qe2 Kf8 (15... O-O $14) 16. Rae1 Ng7 17. Qf2 Be8 18. c4 (18. g4 $16) 18... dxc4 19. Ndxc4 Qd8 20. Rd1 h5 21. Be4 Rc8 22. Ne3 {zielt auf d5 ab.} f6 $2 {[#]} (22... Ngf5 $14) 23. Nf3 (23. d5 $1 $18) 23... Bc6 $16 24. Bc2 (24. d5 $16 Bxd5 25. Nxd5 exd5 26. Nh4) 24... Kf7 $11 25. Nh4 Ngf5 26. Nhxf5 gxf5 27. Bb3 Nd5 28. Rfe1 Qd6 29. Nc4 Qc7 {Droht stark ...Tcg8.} 30. Ne3 Qd6 31. Nc4 Qd7 32. Rd2 Rcg8 33. Ne3 Qd6 34. Nxd5 Bxd5 35. Qe3 Rd8 36. Bd1 h4 37. Be2 Rhg8 ({Nicht} 37... Bxa2 $2 38. b3 $18) 38. Bh5+ {Die Stellung ist ausgeglichen.} Ke7 39. Bf3 Kf7 40. Bh5+ Kf8 41. Bf3 Bxf3 42. Qxf3 Rg4 43. h3 Rxf4 {[#]} 44. Rxe6 $1 {[%mdl 512]} Rxf3 (44... Qxe6 45. Qxf4) 45. Rxd6 Rxd6 46. gxf3 {[%mdl 4096] Endspiel KT-KT} f4 47. d5 Kg7 48. Rd4 f5 49. Rxf4 Rxd5 50. Rxh4 Rd1+ 51. Kf2 Rd2+ 52. Kg3 Rxb2 53. a4 a5 54. Rc4 Kf6 55. h4 Rb4 56. Rc6+ Kg7 57. h5 Kh7 {Precision: Weiß = 58%, Schwarz = 55%.} 1/2-1/2

[Event "SS Manhem Chess Week-IM 2018"]
[Site "Gothenburg"]
[Date "2018.08.13"]
[Round "4"]
[White "Mikalsen, Erlend"]
[Black "Antonsen, Mikkel"]
[Result "1/2-1/2"]
[WhiteElo "2289"]
[BlackElo "2444"]
[Annotator "TA"]
[PlyCount "41"]
[EventDate "2018.08.11"]
[EventCountry "SWE"]
[SourceTitle "playchess.com"]
[Source "ChessBase"]
[SourceQuality "1"]

{[%evp 23,41,-2,42,0,0,0,17,0,0,0,0,0,0,0,15,0,0,0,0,-8]} 1. e4 {Lenderman,A} e5 2. Nf3 Nc6 3. Bb5 Nf6 4. O-O Nxe4 5. d4 Nd6 6. Bxc6 dxc6 7. dxe5 Nf5 8. Qxd8+ Kxd8 9. Nc3 Be7 10. h3 {C67: Ruy Lopez: Berlin Defence: 4 0-0 Nxe4} Nh4 11. Nxh4 Bxh4 12. Be3 h5 {LiveBook: 7 Games} 13. Ne2 $146 ({Predecessor:} 13. Rad1+ Ke8 14. Ne2 b6 15. a4 c5 16. Nc3 Bf5 17. Nb5 {1-0 (55) Vachier Lagrave,M (2796)-Adams,M (2751) Caleta 2017 CBM 177 [Lenderman,A]}) 13... Bd7 {The position is equal.} 14. Rad1 {[#] Rd4 is the strong threat.} Kc8 15. Rd2 b6 16. Rfd1 Rd8 $1 17. Ng3 g6 $1 18. Ne4 Bf5 19. Bg5 Rxd2 20. Rxd2 Bxe4 21. Bxh4 1/2-1/2

[Event "SS Manhem Chess Week-IM 2018"]
[Site "Gothenburg"]
[Date "2018.08.13"]
[Round "4"]
[White "Storme, Isak"]
[Black "Pantzar, Milton"]
[Result "1/2-1/2"]
[WhiteElo "2279"]
[BlackElo "2306"]
[Annotator "TA"]
[PlyCount "68"]
[EventDate "2018.08.11"]
[EventCountry "SWE"]
[SourceTitle "playchess.com"]
[Source "ChessBase"]
[SourceQuality "1"]

{[%evp 32,68,8,6,18,11,10,11,10,10,10,6,11,11,11,10,10,10,10,7,5,0,0,0,0,0,0,0,0,0,0,0,0,0,0,0,0,0,0]} 1. d4 Nf6 2. c4 e6 3. Nc3 Bb4 4. Qc2 O-O 5. Nf3 c5 6. dxc5 Na6 {[%cal Bb8a6,Ba6c5,Bc5e4][%mdl 32]} 7. g3 Nxc5 8. Bg2 Nce4 9. O-O Nxc3 10. bxc3 Be7 11. e4 d6 12. e5 dxe5 13. Nxe5 Qc7 14. Qe2 Bd6 {E39: Nimzo-Indian: Classical: 4...c5 5 dxc5 0-0} (14... Nd7 15. Bf4 Nxe5 16. Bxe5 Bd6 17. Rfe1 Rb8 18. Rad1 Bxe5 19. Qxe5 Qxe5 20. Rxe5 b6 21. c5 Ba6 22. c6 {½-½ (43) Nakamura,H (2781)-Caruana,F (2799) London 2017}) 15. Bf4 Ne8 16. c5 Qxc5 17. c4 {LiveBook: 26 Games. The position is equal.} Qc7 $146 ({Predecessor:} 17... f6 18. Nd3 Qc7 19. c5 Bxf4 20. Nxf4 Qxc5 21. Nxe6 Qe7 22. Rfe1 Bxe6 23. Qxe6+ Qxe6 24. Rxe6 {½-½ (31) Tuomainen,F (2297)-Hambleton,A (2441) Stockholm 2017}) 18. Rab1 f6 19. Nd3 Rb8 20. c5 Bxf4 21. Nxf4 Qxc5 22. Nxe6 Qe7 23. Rfe1 Bxe6 24. Qxe6+ Qxe6 25. Rxe6 Rf7 26. Bxb7 Rfxb7 {[#]} 27. Rxe8+ $1 {[%mdl 512]} Rxe8 28. Rxb7 $11 {[%mdl 4096] Endgame KR-KR} a5 29. Rb5 Re5 30. Rxe5 fxe5 31. Kg2 Kf7 32. Kf3 Ke6 33. Ke4 Kd6 34. h4 Ke6 {Precision: White = 74%, Black = 79%.} 1/2-1/2

[Event "SS Manhem Chess Week-IM 2018"]
[Site "Gothenburg"]
[Date "2018.08.14"]
[Round "5"]
[White "Antonsen, Mikkel"]
[Black "Nedilko, Vasily"]
[Result "1/2-1/2"]
[WhiteElo "2444"]
[BlackElo "2369"]
[Annotator "TA"]
[PlyCount "27"]
[EventDate "2018.08.11"]
[EventCountry "SWE"]
[SourceTitle "playchess.com"]
[Source "ChessBase"]
[SourceQuality "1"]

{[%evp 25,27,0,0,0]} 1. d4 Nf6 2. c4 g6 3. Nc3 d5 4. cxd5 Nxd5 5. e4 Nxc3 6. bxc3 Bg7 7. Be3 c5 8. Nf3 {[%cal Bg1f3,Bf3d2,Bd2b3][%mdl 32]} Qa5 9. Nd2 {D85: Exchange Grünfeld: Unusual White 7th moves and lines with 7 Nf3} (9. Qd2 O-O 10. Rc1 Rd8 11. d5 e6 12. Bg5 f6 13. Be3 Nc6 14. Bd3 Ne7 15. c4 Qxd2+ 16. Bxd2 b6 17. O-O Ba6 18. Rfe1 Rac8 19. Bf1 exd5 20. exd5 {1-0 (46) Yu,Y (2759)-Svidler,P (2753) Shenzhen 2018}) 9... Bd7 10. Nb3 Qxc3+ 11. Bd2 Qb2 $146 12. Bc1 Qc3+ 13. Bd2 Qb2 {LiveBook: 14 Games} 14. Bc1 1/2-1/2